000 00804nam a2200301 i 4500
003 DO-SdBNP
005 20251113094128.0
007 ta
008 11113 s1994 dr 000 0 spa d
040 _aDO-SdBNP
_bspa
_cBNPHU
_erda
041 _aspa
082 4 _axxx
_bM294
_222
100 _9915
245 _aManual de la cooperativa :
_bguia practica para directivos
264 1 _aSanto Domingo :
_bAsociación de Instituciones Rurales de Ahorro y Credito,
_c1994
300 _a92 páginas ;
_c27 cm.
336 _2rdacontent
_atexto
_btxt
337 _2rdamedia
_asin mediación
_bn
338 _2rdacarrier
_avolumen
_bnc
590 _aInventariado, 2025/DG
650 _943277
650 _92729
650 _92391
650 _9668
650 _9795
910 _aDG
942 _2ddc
_cLBS1
999 _c60035
_d60035